000 00305nam a22001097a 4500
999 _c7702
_d7702
008 190308b ||||| |||| 00| 0 eng d
082 _a353.46 A6297a 2017
245 _aAnti- Corruption Commission.
260 _aThimphu ;
_bAnti- Corruption of Bhutan,
_c2017.
300 _a118 p.
_bill,
_c24 cm.
942 _2ddc